Les drapeaux de la communauté LGBT - Statistiques

Statistiques générales
  • Ce quiz a été pris 196 fois
  • Le résultat moyen est 8 sur 12
Statistiques - réponses
Par images Réponse % Correct
Lesbienne
94%
Bisexuel.le
90%
Transgenre
87%
Gay
86%
Pansexuel.le
83%
Asexuel.le
72%
Non-binaire
64%
Intersexe
59%
Aromantique
54%
Genderfluid
34%
Agenre
28%
Progrès
14%
Aucun quiz correspondant
Distribution des résultats
% des personnes avec chaque résultat
Percentile par nombre de réponses
Votre historique - résultats
Vous n’avez pas pris ce quiz